« Retourner aux résultats de recherche
Lola Pater
| Auteur principal: | Nadir Mokneche |
|---|---|
| D'autres auteurs: | Pierre Bastaroli Fanny Ardant Tewfik Jallab Nadia Kaci Véronique Dumont Bruno Sanches Lucie Debay |
| Support: | DVD |
| Langue: | Francais |
| Publié: |
2018 ARP Sélection Paris |
| Genre: |
Film |
| Sujets: | |
| Étiquettes: |
Ajouter
Pas de Tags !
|
| LEADER | 01175ngm0a2200277 450 | ||
|---|---|---|---|
| 001 | 16845594 | ||
| 100 | |a 20180105d2018 u u0frey01 ba | ||
| 101 | 0 | |a fre | |
| 102 | |a FR | ||
| 200 | 0 | |a Lola Pater |f Nadir Mokneche, réal. |g Pierre Bastaroli, comp. - Nadir Mokneche, scénario - Fanny Ardant, Tewfik Jallab, Nadia Kaci, Véronique Dumont, Bruno Sanches, Lucie Debay, ... [et al.] act. | |
| 207 | 1 | |a | |
| 210 | |a Paris |c ARP Sélection |d 2018 | ||
| 215 | |a 1 DVD vidéo monoface zone 2 (1 h 31 min) |c 16/9, coul. (PAL), son. (Dolby digital 5.1) | ||
| 300 | |a Langues principales : français; Sous-Titres : | ||
| 330 | |a A la mort de sa mère, Zino décide de retrouver son père, Farid. Mais, il y a vingt-cinq ans, Farid est devenu Lola... | ||
| 700 | 0 | |a Mokneche |b Nadir |4 370 | |
| 702 | 0 | |a Bastaroli |b Pierre |4 230 | |
| 702 | 0 | |a Ardant |b Fanny |4 5 | |
| 702 | 0 | |a Jallab |b Tewfik |4 5 | |
| 702 | 0 | |a Kaci |b Nadia |4 5 | |
| 702 | 0 | |a Dumont |b Véronique |f 1958-.... |4 5 | |
| 702 | 0 | |a Sanches |b Bruno |4 5 | |
| 702 | 0 | |a Debay |b Lucie |4 5 | |
| 900 | |a Film | ||
| 901 | |a Accessible au prêt | ||
| 995 | |a Bibliothèque |c Bibliothèque |f 00156011226867 |h 00156011226867 |k F MOK |o p |q a |r gd |e Bibliothèque | ||
